000 00980nam2a22002291 4500
001 rc\1182869
005 20250622214335.0
035 _a(NLR Aleph) 006432367
090 _a5559844
_c5559844
100 _a20041129d1980 |||y0rusy50 ca
101 0 _arus
102 _aRU
105 _aa |||||||||
200 0 _a1980
210 _d1980
_aБ. м.
215 _a143 с.
_cил.
461 0 _1001rc\1182868
_12001#$aНастольный календарь служителя церкви христиан адвентистов седьмого дня...$f[Ред. кол. М.П. Кулаков и др.]$v1980
_95559837
_cМ.
_d1980-
_f[Ред. кол. М.П. Кулаков и др.]
_nЦерковь христиан АСД
_tНастольный календарь служителя церкви христиан адвентистов седьмого дня...
_v1980
801 0 _aRU
_bNLR
_gpsbo
801 1 _aRU
_bELAR
_2rusmarc
852 _aNLR
_j80-7/526
942 _cBOOK
980 _aNB